Memes of 2024 and 2025 - Statistics

General Stats
  • This quiz has been taken 937 times
  • The average score is 9 of 15
Answer Stats
Hint Answer % Correct
2 numbers that both start with "S" 67
96%
How many men vs 1 gorilla? 100
93%
"CHICKEN... JOCKEY
84%
A song made by youtube streamer KSI that everyone made fun of Thick of It
73%
A type of brainrot (Ex: Tung Tung Tung Sahur) Italian Brainrot
70%
People who go into very small holes Cave Diver
68%
What holiday does nothing beat? Jet2
65%
Photo of lebron with nothing but light behind him You are my Sunshine
55%
A rip off launchable made by mr beast Lunchly
50%
...rhymes with ___ Grug
49%
A song made by 2 russian girls Sigma Boy
46%
A Indonesian boy dancing on a boat Aura Farming
39%
A person who got banned on Roblox for protecting children Schlep
30%
This got popular end of 2024, with a dog human standing the the grass Chill Guy
28%
When someone runs at the screen and plays the song "I wanna... Runaway
17%
No matching quizzes found
Score Distribution
Percent of People with Each Score
Percentile by Number Answered
Your Score History
You have not taken this quiz